Vista normal Vista MARC

Entrada Geographic Name

Número de registros utilizados en: 1

001 - CONTROL NUMBER

  • control field: 11868

003 - CONTROL NUMBER IDENTIFIER

  • control field: OSt

005 - DATE AND TIME OF LATEST TRANSACTION

  • control field: 20201022181935.0

008 - FIXED-LENGTH DATA ELEMENTS

  • fixed length control field: 201022|| aca||aabn | a|a d

040 ## - CATALOGING SOURCE

  • Original cataloging agency: OSt
  • Transcribing agency: OSt

151 ## - HEADING--GEOGRAPHIC NAME

  • Geographic name: Cundinamarca (Colombia)
  • General subdivision: política y gobierno
  • Chronological subdivision: 1849-1886

670 ## - SOURCE DATA FOUND

  • Source citation: Work cat.: (OSt)6293: Rueda Enciso, José Eduardo, autor 10905, La república liberal decimonónica en Cundinamarca, 1849-1886 : , [2009?]